LEADER 02919 am 2200733 n 450 001 9910495952203321 005 20190522 010 $a2-271-12204-X 024 7 $a10.4000/books.editionscnrs.19608 035 $a(CKB)4100000009681642 035 $a(FrMaCLE)OB-editionscnrs-19608 035 $a(oapen)https://directory.doabooks.org/handle/20.500.12854/84801 035 $a(PPN)267943792 035 $a(EXLCZ)994100000009681642 100 $a20191029j|||||||| ||| 0 101 0 $afre 135 $auu||||||m|||| 181 $ctxt$2rdacontent 182 $cc$2rdamedia 183 $acr$2rdacarrier 200 12$aL'humain augmenté /$fÉdouard Kleinpeter 210 $aParis $cCNRS Éditions$d2019 215 $a1 online resource (224 p.) 225 1 $aLes essentiels d'Hermès 311 $a2-271-07914-4 330 $aAugmenter l'humain, devenir plus fort, plus rapide, plus intelligent, plus connecté, vivre plus vieux et en meilleure santé, repousser les limites de la souffrance et de la mort. Le développement technologique porte la promesse d'un être meilleur. Mais cet amour de l'homme du futur ne cache-t-il pas une haine de l'homme du présent, de ses limites et de sa finitude ? Quelles conceptions du corps et de l'esprit sont sous-tendues par les discours transhumanistes ? Donner des clés pour comprendre le rapport d'attraction-répulsion qu'entretient l'être humain avec les technologies qu'il crée, cristallisé autour de la notion d'homme augmenté, constitue l'objet de ce numéro des Essentiels d'Hermès. 606 $aCommunication 606 $atechnologie 606 $aévolution 606 $acommunication 606 $agenre humain 610 $atechnologie 610 $aévolution 610 $acommunication 610 $agenre humain 615 4$aCommunication 615 4$atechnologie 615 4$aévolution 615 4$acommunication 615 4$agenre humain 700 $aAndrieu$b Bernard$01292745 701 $aBateman$b Simone$01321030 701 $aBesnier$b Jean-Michel$0252143 701 $aBlanc$b Benoît Le$01321031 701 $aClaverie$b Bernard$01321032 701 $ade Léséleuc$b Éric$01321033 701 $aDingremont$b François$01295386 701 $aGayon$b Jean$0451716 701 $aGoffette$b Jérôme$01289524 701 $aIssanchou$b Damien$01321034 701 $aKleinpeter$b Édouard$01321035 701 $aLe Blanc$b Benoît$01288312 701 $aMunier$b Brigitte$01321036 701 $aPerriault$b Jacques$0163323 701 $aRoux$b Marc$01321037 701 $aSchmidt$b Colin T$01321038 701 $aSedogbo$b Célestin$01321039 701 $aWalther$b Benoît$01321040 701 $aKleinpeter$b Édouard$01321035 801 0$bFR-FrMaCLE 906 $aBOOK 912 $a9910495952203321 996 $aL'humain augmenté$93034497 997 $aUNINA LEADER 03968nam 22006015 450 001 9910341851003321 005 20240313123625.0 010 $a9781137393265 010 $a1137393262 024 7 $a10.1057/978-1-137-39326-5 035 $a(CKB)4100000009273594 035 $a(DE-He213)978-1-137-39326-5 035 $a(MiAaPQ)EBC5897430 035 $a(PPN)259458929 035 $a(Perlego)3487833 035 $a(EXLCZ)994100000009273594 100 $a20190916d2019 u| 0 101 0 $aeng 135 $aurnn|008mamaa 181 $ctxt$2rdacontent 182 $cc$2rdamedia 183 $acr$2rdacarrier 200 10$aDiscourse Analysis and European Union Politics /$fby Kennet Lynggaard 205 $a1st ed. 2019. 210 1$aLondon :$cPalgrave Macmillan UK :$cImprint: Palgrave Macmillan,$d2019. 215 $a1 online resource (XIX, 172 p. 25 illus., 5 illus. in color.) 225 1 $aPalgrave Studies in European Union Politics,$x2662-5881 311 08$a9781137393258 311 08$a1137393254 327 $aChapter 1. Introducing Discourse Analysis in EU Politics -- Chapter 2 Discourse Analysis as Research Strategy -- Chapter 3. Discourse Analysis, Data and Research Techniques -- Chapter 4. Discourse and EU Policy Making -- Chapter 5. Discourse and the Strategic Usage of Europe -- Chapter 6. Discourse, Myths and Emotions in EU Politics -- Chapter 7. Visual Discourse, Imagery and EU Politics -- Chapter 8. Taking Stock and Looking Ahead. 330 $aThis book reflects on the latest developments in discourse analysis in the context of EU politics research. It explores discourse analysis as a tool to study and understand EU politics, covering key conceptual, methodological and research-strategic questions. The analytical approach advanced in this book is anchored in discursive institutionalism, the newest addition to approaches in new institutionalism. The author particularly focuses on discourse as a strategic resource for political purposes, as a device for inclusion and exclusion in policy-making, and as a means of conveying and appealing to political emotions, as well as the role visual discourse and imagery play in day-to-day EU politics. Including a variety of examples using different combinations of research techniques and data material, the book also addresses issues related to the study of discursive structures and agency, discourse conflict and consensus, causality and the time dimension in discourse analysis. Kennet Lynggaard is Associate Professor at the Department of Social Sciences and Business, Roskilde University, Denmark. His research focuses on politics and governance, research design, and the role of symbols, myths and emotions in European integration. He is the co-editor of Research Methods in European Union Studies (with I. Manners and K. Löfgren, 2015) and has published in numerous journals, including Journal of European Public Policy, West European Politics, New Political Economy, Comparative European Politics, and Journal of European Integration. 410 0$aPalgrave Studies in European Union Politics,$x2662-5881 606 $aEurope$xPolitics and government 606 $aLinguistics$xMethodology 606 $aCommunication in politics 606 $aEuropean Politics 606 $aResearch Methods in Language and Linguistics 606 $aPolitical Communication 615 0$aEurope$xPolitics and government. 615 0$aLinguistics$xMethodology. 615 0$aCommunication in politics. 615 14$aEuropean Politics. 615 24$aResearch Methods in Language and Linguistics. 615 24$aPolitical Communication. 676 $a320.94 700 $aLynggaard$b Kennet$4aut$4http://id.loc.gov/vocabulary/relators/aut$0523369 801 0$bMiAaPQ 801 1$bMiAaPQ 801 2$bMiAaPQ 906 $aBOOK 912 $a9910341851003321 996 $aDiscourse Analysis and European Union Politics$92535749 997 $aUNINA LEADER 03810nam 2200685 a 450 001 9910972032003321 005 20251116143202.0 010 $a1-134-85263-0 010 $a1-134-85264-9 010 $a1-280-32789-8 010 $a0-203-13209-2 024 7 $a10.4324/9780203132098 035 $a(CKB)111056485519606 035 $a(StDuBDS)AH3702334 035 $a(SSID)ssj0000118447 035 $a(PQKBManifestationID)11145447 035 $a(PQKBTitleCode)TC0000118447 035 $a(PQKBWorkID)10052040 035 $a(PQKB)10185620 035 $a(MiAaPQ)EBC178363 035 $a(Au-PeEL)EBL178363 035 $a(CaPaEBR)ebr5004118 035 $a(CaONFJC)MIL32789 035 $a(OCoLC)437080374 035 $a(OCoLC)51933849 035 $a(EXLCZ)99111056485519606 100 $a19940901d1995 uy 0 101 0 $aeng 135 $aur||||||||||| 181 $ctxt 182 $cc 183 $acr 200 10$aCase material and role play in counselling training /$fJanet Tolan and Susan Lendrum 205 $a1st ed. 210 $aLondon ;$aNew York $cRoutledge$d1995 215 $a1 online resource (200 p.) 300 $aIncludes index. 311 08$a0-415-10214-6 311 08$a0-415-10215-4 327 $apart PART I Using the materials -- chapter INTRODUCTION -- chapter 1 WHY USE CASE MATERIALS AND ROLE PLAY IN COUNSELLING TRAINING? -- chapter 2 CASE MATERIAL: PURPOSES AND PROCEDURE -- chapter 3 BASIC ROLE PLAY: PURPOSE AND PROCEDURE -- chapter 4 ROLE PLAY VARIATIONS -- chapter 5 ADAPTING CASE AND ROLE PLAY MATERIALS. 330 $aIncludes over 250 case vignettes and role plays, step-by-step practical instruction drawn from years of experience and an easy-to-use cross reference system. A much needed resource helping the trainer turn theory into practice. 330 $bBetween them, Janet Tolan and Susan Lendrum have nearly thirty years of experiences as counselling trainers. They have worked as practitioners in fields as diverse as voluntary telephone counselling, personnel work in industry, primary health care and local government. Following the recent rapid rise in counselling training, Case Material and Role Play in Counselling Training is the long awaited answer to the demand for an accessible and practical guide for trainers and educators in counselling skills, therapeutic counsellors and psychotherapists. It offers help to those designing a course and to those wondering how to enliven their training sessions. Part one describes how case materials and role play can form part of an overall training programme, and offers step-by-step instructions on how to use or adapt them. Part two comprises over 250 case vignettes and role plays and is further divided into two sections. The first covers core relationship skills such as beginnings and endings, empathy and ethical issues. The second covers practice issues such as loss and bereavement, sexuality and depression.;Part two is cross-referenced so that readers looking for particular materials can select them according to: the work setting of their client group; the age of their client group; the stage of the relationship; or the focus of counselling. 606 $aCounselors$xTraining of 606 $aRole playing 606 $aCase method 606 $aCounseling$xStudy and teaching 615 0$aCounselors$xTraining of. 615 0$aRole playing. 615 0$aCase method. 615 0$aCounseling$xStudy and teaching. 676 $a158/.3/07 700 $aTolan$b Janet$f1954-$01875738 701 $aLendrum$b Susan$f1942-$0895528 801 0$bMiAaPQ 801 1$bMiAaPQ 801 2$bMiAaPQ 906 $aBOOK 912 $a9910972032003321 996 $aCase material and role play in counselling training$94486962 997 $aUNINA LEADER 01023nas 2200373 c 450 001 9910896027703321 005 20260218112337.0 035 $a(DE-599)ZDB2041826-7 035 $a(OCoLC)1368096932 035 $a(DE-101)021584222 035 $a(CKB)5720000000236498 035 $a(DE-599)2041826-7 035 $a(EXLCZ)995720000000236498 100 $a20010308a19999999 |y | 101 0 $aeng 135 $aur||||||||||| 181 $ctxt$2rdacontent 182 $cc$2rdamedia 183 $acr$2rdacarrier 200 04$aThe WWW journal of online education$eJOE$fWorld Association for Online Education 210 31$aNew York, NY$c[Verlag nicht ermittelbar]$d1999- 517 3 $aJOE 517 1 $aJournal of online education 608 $aZeitschrift$2gnd-content 676 $a070 676 $a020 676 $a370 801 0$b0355 801 1$bDE-101 801 2$b9999 906 $aJOURNAL 912 $a9910896027703321 996 $aThe WWW journal of online education$94437263 997 $aUNINA